Staaten von Deutschland nach Grenzen - Statistiken

Allgemein
  • Dieses Quiz wurde 538 mal gespielt
    418 seit der letzten Aktualisierung
  • Das Durchschnittsergebnis liegt bei 12 aus 16
Antworten auf der Karte
Die Antworten werden auf der Karte rot bzw. grün angezeigt, abhängig davon wie oft sie richtig erraten wurden.
 
Antwortstatistiken
Bundesländer % Korrekt
Niedersachsen
92%
Bayern
89%
Brandenburg
89%
Hessen
88%
Sachsen
88%
Thüringen
88%
Baden-Württemberg
81%
Rheinland-Pfalz
78%
Berlin
76%
Schleswig-Holstein
75%
Hamburg
74%
Nordrhein-Westfalen
74%
Sachsen-Anhalt
72%
Mecklenburg-Vorpommern
64%
Bremen
63%
Saarland
51%
Keine übereinstimmenden Quizze gefunden
Verteilung der Resultate
Anzahl Personen mit jedem Resultat
Perzentil nach korrekt beantworteten Fragen
Ihre Resultats-Entwicklung
Sie haben dieses Quiz seit der letzten Aktualisierung nicht gespielt